000 00399nam a22001697a 4500
003 MPLRDC
005 20220104143849.0
008 210129b ||||| |||| 00| 0 eng d
082 _a857.62 GJT v.4 c.3
100 _a高健庭
245 _a山猫王森
_c
250 _a初版
260 _a
_b环球出版社
_c1991
300 _b
650 _a推理小说
942 _cBK
_o857.62 GJT v.4 c.3
999 _c44077
_d44067